000 00564nam a2200229Ia 4500
005 20260320201619.0
008 008 262003s9999 xx 000 0 eng d
037 _aEBOOK
040 _aCRL
040 _beng
040 _cCRL
041 _2eng
041 _aeng
084 _qCRL
100 _aCapehart
_91135432
245 0 _aHandbook of Web Based Energy Information and Control Systems
260 _bIEEE
856 _uhttps://ieeexplore.ieee.org/servlet/opac?bknumber=9556638
942 _cEBOOK
999 _c1722427
_d1722427